Efecto de la inflación en el análisis financiero (Registro nro. 17832)

Detalles MARC
000 -LEADER
fixed length control field 00357 a2200109 4500
001 - CONTROL NUMBER
control field ART_46018
005 - DATE AND TIME OF LATEST TRANSACTION
control field 20260410161731.0
008 - FIXED-LENGTH DATA ELEMENTS--GENERAL INFORMATION
fixed length control field 260409a
100 1# - MAIN ENTRY--PERSONAL NAME
Personal name Martino, Sofía
245 10 - TITLE STATEMENT
Title Efecto de la inflación en el análisis financiero
773 0# - HOST ITEM ENTRY
Title Escritos contables y de administración
Related parts - Vol. 7, Nº 1 (ene./jun. 2016)
Record control number REV2758

No hay ítems disponibles.